000 00269nam a2200109Ia 4500
008 200302s9999 xx 000 0 und d
100 _aAnuradha Mathur & Dilip da Cunha
245 _aSoak Mumbai in an Estuary
260 _bRoopa and Co.,
260 _c2009
300 _a197
999 _c5314
_d5314